Super Smash Bros. Ultimate Characters in Order of Appearance - Statistics

General Stats
  • This quiz has been taken 295 times
  • The average score is 37 of 65
Answer Stats
Number Answer % Correct
01 Mario
99%
04 Samus
91%
06 Kirby
86%
02 Donkey Kong
84%
03 Link
82%
14 Bowser
79%
07 Fox
78%
21 Marth
72%
20 Falco
70%
16 Sheik
68%
17 Zelda
68%
11 Captain Falcon
64%
21E Lucina
64%
10 Ness
64%
08 Pikachu
64%
13 Peach
63%
12 Jigglypuff
62%
05 Yoshi
62%
28E Dark Pit
61%
09 Luigi
60%
15 Ice Climbers
59%
37 Lucas
58%
24 Mewtwo
58%
64 Inkling
57%
27 Meta Knight
57%
19 Pichu
57%
28 Pit
57%
60 Ryu
56%
38 Sonic
56%
31 Snake
55%
45 Villager
55%
29 Zero Suit Samus
55%
61 Cloud
54%
23 Ganondorf
54%
63 Bayonetta
53%
35 Charizard
53%
34 Ivysaur
53%
25 Roy
53%
33 Squirtle
53%
62 Corrin
52%
32 Ike
52%
18 Dr. Mario
51%
56 Robin
50%
47 Wii Fit Trainer
50%
22 Young Link
50%
50/26 Greninja/Mr. Game and Watch
49%
46 Mega Man
49%
43 Toon Link
49%
54 Palutena
48%
36 Diddy Kong
47%
40 Olimar
47%
44 Wolf
47%
58 Bowser Jr.
46%
42 R.O.B.
46%
59 Duck Hunt
45%
41 Lucario
45%
39 King Dedede
44%
30 Wario
44%
51 Mii Brawler
43%
53 Mii Gunner
43%
52 Mii Swordfighter
43%
57 Shulk
41%
49 Little Mac
40%
48 Rosalina and Luma
40%
55 Pac Man
39%
No matching quizzes found
Score Distribution
Percent of People with Each Score
Percentile by Number Answered
Your Score History
You have not taken this quiz